| 000 | 00976nam a22002057a 4500 | ||
|---|---|---|---|
| 008 | 140409b xxu||||| |||| 00| 0 eng d | ||
| 020 | _a9780619254865 | ||
| 050 |
_aTK 5105.888S52 _b. |
||
| 100 | _aShelly, Gary B. | ||
| 245 |
_aWeb design: _bIntroductory concepts and Techniques. / _cGary B. Shelly, Thomas J. Cashman and Linda A. Kosteba |
||
| 250 | _a2nd | ||
| 260 |
_aAustralia: _bThomson, _c2006. |
||
| 300 |
_ax, 252p.: _bill _c27cm |
||
| 500 | _aIncludes index | ||
| 505 | _aContents: An Introduction to the Environment and The Tools-- Web Publishing Fundamentals-- Planning a Successful Web Site-- Planning a Successful web site-- Typography and Graphics-- Multimedia and Inventory on the Web-- Testing,Publishing,Marketing and Maintaining a Web site-- Appendix A: Design Tips --Appendix B:Hypertext Markup language-- Appendix C: Cascading Style Sheets. | ||
| 650 | _aWeb Design | ||
| 700 | _aCashman Thomas J. | ||
| 700 | _aKosteba Linda A. | ||
| 942 |
_2lcc _cBK |
||
| 999 |
_c2812 _d10312 |
||